000 00382nam a2200145Ia 4500
008 210210b1985 xxu||||| |||| 00| 0 eng d
082 _a954.02 CHAH
100 _aCHAUDHURI (Kiran Chandra).
245 _aHistory of medieval India. Ed 1.
250 _a
260 _aCalcutta.
_bNew Central Book Agency.,
_c1985
300 _aviii,388
690 _aIndian History
906 _a046763
999 _c95939
_d95939